| 000 | 00651 a2200193 4500 | ||
|---|---|---|---|
| 010 | _aENG-89598 | ||
| 020 |
_a8190422936 _c700.00 |
||
| 035 | _aEN-73131 | ||
| 037 | _bDBAD / PUB | ||
| 082 | 1 | 4 | _a574.0724 |
| 090 |
_c11294 _d11294 |
||
| 100 | 1 | _aThakur, D.K. | |
| 245 | 1 |
_aPlant cell & tissue culture/ _cby D.K. Thakur |
|
| 260 |
_aJaipur _bAgarwal Publishing House _c2007 |
||
| 270 |
_a1885, Shukhlal Vyas Ki Gali, Nataniyon Ka Rasta, _bJaipur _e302 003 _cJaipur |
||
| 300 |
_a192p.: _c24 cm (Hb.) _bill. |
||
| 942 |
_adpl _cEN _k574.0724 / THA |
||
| 999 |
_c10988 _d10988 |
||